Marketingové aktivity v cestovnom ruchu v okrese Stará Ľubovňa diplomová práca

Uložené v:
Podrobná bibliografia
Hlavný autor: Fábová, Eva
Korporativný autor: Podnikovohospodárska fakulta EU so sídlom v Košiciach. Katedra marketingu a obchodu
Ďalší autori: Polák, Matej
Médium: Kniha
Jazyk:Slovak
Vydavateľské údaje: Košice 2011
Tagy: Pridať tag
Žiadne tagy, Buďte prvý, kto otaguje tento záznam!

MARC

LEADER 00000nbm a2200000 4500
001 0130515
005 20161109101542.2
041 0 |a slo 
044 |a SK 
245 1 0 |a Marketingové aktivity v cestovnom ruchu v okrese Stará Ľubovňa  |b diplomová práca  |c Eva Fábová ; školiteľ: Matej Polák 
264 1 |a Košice  |c 2011 
300 |a 82 s. 
100 1 |a Fábová, Eva 
700 1 |a Polák, Matej 
710 2 |a Podnikovohospodárska fakulta EU so sídlom v Košiciach. Katedra marketingu a obchodu